Statistics for All Time Low Songs

Click here to take the quiz!

General Stats

  • This quiz has been taken 457 times
  • The average score is 6 of 10

Answer Stats

HintAnswer% Correct
WENDY run away with me I know it sounds crazy dont you see what you do to me I want to be your lost boy your last chance a better realitySomewhere In Neverland
92%
Im a walking travesty but Im smiling at everything... you were never a friend to me you can keep all your miseryTherapy
92%
Im gonna break down these wall Ive built around myself I wanna fall so in love with you and no one elseWalls
77%
This beds an island made of feather down and Im stuck here alone with little memories of you on memeory foam visions of a brighter love Id kill for one more dayIf These Sheets Were The States
62%
Not gonna miss you when your dead and gone not gonna talk about you over and over not gonna file under latest nostalgia happy ever afterHeroes
58%
Time to lay claim to the evidence fingerprints sold me out but footprints washed away from the docks downtownSix Feet Under The Stars
57%
Make it a sweet goodbye it can be for the last time and its not rightLullabies
52%
You are a handful of roses thorns in a cheap bouquet true Im a walking disaster they told you to stay awayForget About It
48%
Dont forget weve got unfinished buisness stories yet to unfold tales that must be retoldRunning From Lions
29%
Go to sleep with the pressure of everyone watching and waiting theyre yours for the taking but I still have my doubtsStay Awake Dreams Only Last For A Night
26%

Score Distribution

Percentile by Number Answered

Percent of People with Each Score

Your Score History

You have not taken this quiz